000 00483nam a2200169Ia 4500
005 20250508154944.0
008 008 250505s9999 xx 000 0 eng d
037 _aBooks to be hide in OPAC
040 _aFEDL
_beng
_cFEDL
041 _aeng
_2eng
084 _a966.7, MIN
_qFEDL
245 0 _aTema
260 _aAccra, Africa
_bDevelopment Secretariat by the Ministry of Information
_c1961
300 _a51p.
942 _cHB
_h966.7, MIN
999 _c1353104
_d1353104